Storia della filologia classica. Dalle origini alla fine dell'età ellenistica.

Salvato in:
Dettagli Bibliografici
Autore principale: Pfeiffer, Rudolf (autore)
Altri autori: Gigante, Marcello (introduzione)
Natura: Libro
Lingua:inglese
Pubblicazione: Napoli, Italia: Macchiaroli, 1973.
Edizione:Prima edizione.
Serie:Biblioteca della Parola del Passato,
Soggetti:
Tags: Aggiungi Tag
Nessun Tag, puoi essere il primo ad aggiungerne!!

MARC

LEADER 00000nam a22000007a 4500
003 CL-VaPUC
005 20220822114723.0
008 220726t1973 ||||| |||| 00| 0 eng d
999 |c 437551  |d 437549 
040 |c Pontificia Universidad Católica de Valparaíso 
082 7 |a 480.9 PFE 1973  |2 22 
100 1 |a Pfeiffer, Rudolf  |e autore  |9 873038 
245 |a Storia della filologia classica.   |b Dalle origini alla fine dell'età ellenistica.  
250 |a Prima edizione.  
260 |a Napoli, Italia:  |b Macchiaroli,   |c 1973. 
300 |a 475 páginas.  
490 |a Biblioteca della Parola del Passato,   |n  9. 
500 |a c.1 Donación Familia Prof. Alejandro Guzmán Brito. 
505 |a t.I. Desde los comienzos hasta el final de la época helenística. t.II. De 1300 a 1850. 
583 |c 20220715  |k Cristina María Rojas Aguilar 
650 |a Filología clásica   |x Historia   |9 873245 
700 |a Gigante, Marcello  |e introduzione  |9 873898 
942 |2 ddc  |c BK  |n 0 
952 |0 0  |1 0  |2 ddc  |4 0  |6 480_900000000000000_PFE_1973  |7 0  |8 C_AGB  |9 585329  |a BIBDER  |b BIBDER  |d 2022-07-26  |e Donación   |i 5653354  |o 480.9 PFE 1973  |p 5653354  |r 2023-01-25  |t 1  |w 2022-07-26  |y BK_US  |k AGB